00308nam a2200121Ia 4500008004100000082001700041100001400058245002600072260002800098300000800126630002600134730002600160100122s9999 xx 000 0 und d b34699a657.2 aSHEFF A L aBOOKKEEPING MADE EASY bTHE BLAKISTON CO.c1945 a310 aBOOKKEEPING MADE EASY aBOOKKEEPING MADE EASY